[Event "Brocco op"]
[Site "Brocco"]
[Date "1990.??.??"]
[Round "6"]
[White "Gallagher, Joseph G"]
[Black "Nemet, Ivan"]
[Result "1-0"]
[WhiteElo "2495"]
[BlackElo "2435"]

1.e4 c5 2.Nf3 d6 3.d4 cxd4 4.Nxd4 Nf6 5.Nc3 a6 6.Be3 e6 7.Qd2 Qc7 8.f3 h5
9.O-O-O Nbd7 10.Kb1 Be7 11.Be2 Nb6 12.f4 Bd7 13.Rhf1 O-O-O 14.Nf3 Bc6 15.Ng5 Rhf8
16.h3 g6 17.Qe1 Kb8 18.g4 hxg4 19.hxg4 Nfd7 20.f5 gxf5 21.gxf5 exf5 22.Rxf5 Rc8
23.Qd2 Ne5 24.Qd4 Bd7 25.Rxe5 dxe5 26.Qxb6 Qxb6 27.Bxb6 Bc6 28.Nf3 f5 29.Nxe5 Bf6
30.Bd4 fxe4 31.Nxc6+ Rxc6 32.Bxf6 Rcxf6 33.Nxe4 Re6 34.Rd4 Kc7 35.b3 a5 36.Kb2 b6
37.Nc3 Rf2 38.Bd3 Rh6 39.Be4 Rf7 40.Nb5+  1-0

[Event "Noviki-A"]
[Site "Budapest"]
[Date "1990.??.??"]
[Round "1"]
[White "Tolnai, Tibor"]
[Black "Roeder, Mathias"]
[Result "1-0"]
[WhiteElo "2490"]
[BlackElo "2450"]

1.e4 c5 2.Nf3 d6 3.d4 cxd4 4.Nxd4 Nf6 5.Nc3 a6 6.Be3 e5 7.Nb3 Be6 8.Qd2 Be7
9.f3 O-O 10.O-O-O b5 11.g4 b4 12.Nd5 Bxd5 13.exd5 a5 14.Kb1 a4 15.Nc1 Ra5
16.Bc4 Na6 17.Bxa6 Rxa6 18.Qxb4 Qa8 19.c4 Rb8 20.Qc3 Bd8 21.h4 Bb6 22.Bxb6 Raxb6
23.Rh2 Rc8 24.Rc2 Nd7 25.Nd3 Qb7 26.Qa3 Rb8 27.Rdd2 h6 28.c5 dxc5 29.Nxc5 Nxc5
30.Qxc5 Rb5 31.Qc6 Qa7 32.d6 a3 33.Qxb5 Rxb5 34.d7 Rxb2+ 35.Rxb2 Qg1+ 36.Kc2 Qc5+
37.Kd1 Qg1+ 38.Ke2 Qg2+ 39.Ke3 Qg1+ 40.Ke4 axb2 41.d8=Q+ Kh7 42.Rxb2 Qe1+
43.Kd3 Qd1+ 44.Rd2 Qxf3+ 45.Kc2 Qc6+ 46.Kb2 Qb7+ 47.Ka1 Qc6 48.Qd3+ e4 49.Qc2 Qf6+
50.Kb1 Qb6+ 51.Qb3 Qg1+ 52.Qd1 Qb6+ 53.Rb2 Qe6 54.h5 g6 55.hxg6+ Kxg6 56.Qe2 h5
57.gxh5+ Kh7 58.Rb4  1-0

[Event "Noviki-A"]
[Site "Budapest"]
[Date "1990.??.??"]
[Round "3"]
[White "Tolnai, Tibor"]
[Black "Marinelli, Tullio"]
[Result "1-0"]
[WhiteElo "2490"]
[BlackElo "2400"]

1.e4 c5 2.Nf3 d6 3.d4 cxd4 4.Nxd4 Nf6 5.Nc3 a6 6.Be3 e5 7.Nb3 Be7 8.f3 Be6
9.Qd2 Nbd7 10.O-O-O Rc8 11.Kb1 Qc7 12.g4 b5 13.h4 Nb6 14.g5 Nfd7 15.h5 b4
16.Nd5 Nxd5 17.exd5 Bf5 18.Bd3 Bxd3 19.Qxd3 a5 20.f4 a4 21.Nd2 exf4 22.Bxf4 O-O
23.Nf3 Nc5 24.Qc4 Qd7 25.h6 g6 26.Nd4 f6 27.Nc6 fxg5 28.Be3 b3 29.Bxc5 bxc2+
30.Kxc2 Rf4 31.Bd4 Bf6 32.Kb1 Bxd4 33.Rxd4 Rcf8 34.a3 Rf2 35.Re4 R8f3 36.Qd4  1-0

[Event "Utasellato IM-A"]
[Site "Budapest"]
[Date "1990.??.??"]
[Round "4"]
[White "Fogarasi, Tibor"]
[Black "Gocheva, Rumiana B"]
[Result "1/2-1/2"]
[WhiteElo "2375"]
[BlackElo "2210"]

1.e4 c5 2.Nf3 d6 3.d4 cxd4 4.Nxd4 Nf6 5.Nc3 a6 6.Be3 e6 7.f4 Qc7 8.Qf3 b5
9.a3 Bb7 10.Bd3 Nbd7 11.g4 Nc5 12.g5 Nfd7 13.h4 e5 14.Nde2 f5 15.gxf6 Nxf6
16.Ng3 O-O-O 17.O-O-O Nfd7 18.Nd5 Bxd5 19.exd5 Be7 20.Ne4 Nxe4 21.Qxe4 Bf6
22.fxe5 Nxe5 23.Kb1 Kb8 24.a4 Nxd3 25.Qxd3 Qa5 26.axb5 axb5 27.Bd2 Qa6 28.Bc3  1/2-1/2

[Event "Elekes mem"]
[Site "Budapest"]
[Date "1990.??.??"]
[Round "6"]
[White "Tolnai, Tibor"]
[Black "Stangl, Markus"]
[Result "1/2-1/2"]
[WhiteElo "2490"]
[BlackElo "2405"]

1.e4 c5 2.Nf3 d6 3.d4 cxd4 4.Nxd4 Nf6 5.Nc3 a6 6.Be3 e5 7.Nb3 Be6 8.Qd2 Nbd7
9.f3 Be7 10.O-O-O b5 11.Kb1 Nb6 12.Qf2 Nfd7 13.g4 Qc7 14.h4 Nc4 15.Bxc4 bxc4
16.Nc1 Rb8 17.Nd5 Bxd5 18.Rxd5 O-O 19.Ne2 Qb7 20.b3 Rfc8 21.Rc1 Rc6 22.Re1 Bd8
23.Nc3 Nf6 24.Rdd1 Ba5 25.Bd2 cxb3 26.cxb3 Rb6 27.Kc2 Rc8 28.Kb2 Rb8 29.Kc2 Rc8
30.Kb2 Rb8  1/2-1/2

[Event "Spring op"]
[Site "Budapest"]
[Date "1990.??.??"]
[Round "7"]
[White "Horvath, Csaba"]
[Black "Kubacsny, Laszlo"]
[Result "1-0"]
[WhiteElo "2460"]
[BlackElo "2325"]

1.e4 c5 2.Nf3 d6 3.d4 cxd4 4.Nxd4 Nf6 5.Nc3 a6 6.Be3 e6 7.Qd2 Be7 8.f3 Qc7
9.g4 b5 10.O-O-O Nc6 11.Nxc6 Qxc6 12.Kb1 Bb7 13.h4 Rc8 14.g5 Nd7 15.Qd4 Ne5
16.f4 Ng4 17.Bg1 h5 18.Qxg7 Rf8 19.a3 f5 20.Bd3 fxe4 21.Qg6+ Kd7 22.Bxe4 d5
23.Ne2 b4 24.axb4 Qc4 25.Bd3 Qxb4 26.Qxh5 Rxf4 27.Nxf4 Qxf4 28.Bd4  1-0

[Event "Spring op"]
[Site "Budapest"]
[Date "1990.??.??"]
[Round "7"]
[White "Anka, Emil"]
[Black "Hradeczky, Tamas"]
[Result "1-0"]
[WhiteElo "2390"]
[BlackElo "2285"]

1.e4 c5 2.Nf3 d6 3.d4 cxd4 4.Nxd4 Nf6 5.Nc3 a6 6.Be3 e5 7.Nf3 Be6 8.a4 h6
9.a5 Nbd7 10.Be2 Be7 11.O-O O-O 12.Nd2 Rc8 13.Bf3 Qc7 14.Qe2 Rfe8 15.Rfc1 Bf8
16.Qd1 Qc6 17.Nf1 Rcd8 18.Nd5 Bxd5 19.exd5 Qc8 20.c4 e4 21.Be2 Ne5 22.Bb6 Rd7
23.Ne3 g6 24.b4 h5 25.h3 Bh6 26.Qb3 Qb8 27.Rd1 Nh7 28.c5 Ng5 29.h4 Nh7 30.b5 dxc5
31.bxa6 bxa6 32.Bxa6 Nf3+ 33.gxf3 exf3 34.Nf1 Re4 35.Ra4 Qf4 36.Rxe4 Qxe4
37.Qc4 Qf5 38.Ng3 Qe5 39.Bc8 Nf6 40.Bxd7 Nxd7 41.Qe4 Qf6 42.Qe8+ Nf8 43.Bxc5 Qxh4
44.Bxf8 Bxf8 45.Rd3 Qf6 46.d6 h4 47.d7 Qa1+ 48.Nf1 h3 49.Qxf8+  1-0

[Event "Spring op"]
[Site "Budapest"]
[Date "1990.??.??"]
[Round "7"]
[White "Madl, Ildiko"]
[Black "Arbakov, Valentin"]
[Result "0-1"]
[WhiteElo "2390"]
[BlackElo "2415"]

1.e4 c5 2.Nf3 d6 3.d4 cxd4 4.Nxd4 Nf6 5.Nc3 a6 6.Be3 e5 7.Nb3 Be7 8.f3 Be6
9.Qd2 Nbd7 10.O-O-O O-O 11.Kb1 b5 12.Qf2 Rb8 13.Nd5 Bxd5 14.exd5 a5 15.g4 a4
16.Nc1 Nb6 17.Bxb6 Rxb6 18.Qd2 a3 19.b3 Qc7 20.g5 Nh5 21.Nd3 Nf4 22.Nxf4 exf4
23.Rg1 Rbb8 24.Bd3 g6 25.Rc1 Rfc8 26.c3 Bf8 27.Qxf4 Bg7 28.c4 Qb6 29.Rge1 bxc4
30.Bxc4 Re8 31.Qd2 Bd4 32.Rxe8+ Rxe8 33.Re1 Re3 34.f4 Qa7 35.f5 Qe7 36.Rd1 Bc3
37.Qg2 Qe5 38.fxg6 hxg6 39.Rf1 Be1 40.Qc2 Bh4 41.Qc1 Bxg5 42.Qxa3 Re1+ 43.Kc2 Qxh2+  0-1

[Event "Spring op"]
[Site "Budapest"]
[Date "1990.??.??"]
[Round "8"]
[White "Kubacsny, Laszlo"]
[Black "Restas, Peter"]
[Result "1-0"]
[WhiteElo "2325"]
[BlackElo "2230"]

1.e4 c5 2.Nf3 d6 3.d4 cxd4 4.Nxd4 Nf6 5.Nc3 a6 6.Be3 e5 7.Nb3 Be6 8.Qd2 Be7
9.f3 Nbd7 10.g4 Nb6 11.O-O-O Rc8 12.Kb1 O-O 13.h4 Nc4 14.Bxc4 Rxc4 15.g5 Nh5
16.Nd5 Bxd5 17.Qxd5 b5 18.Qb7 Qc7 19.Qxa6 Rb8 20.Qa7 Rxc2 21.Rc1 Qxa7 22.Bxa7 Rxc1+
23.Rxc1 Ra8 24.Rc7 Bd8 25.Rb7 f6 26.Be3 Ng3 27.Rxb5 f5 28.exf5 Nxf5 29.Bf2 Kf7
30.f4 Kg6 31.fxe5 dxe5 32.Rxe5 Bc7 33.Rc5 Bg3 34.Rxf5 Kxf5 35.Bxg3 Kg4 36.Be1 Re8
37.Bd2 Re4 38.Nc5 Re5 39.b4 Kxh4 40.a4 Rd5 41.Kc2 Rd6 42.a5 h5 43.gxh6 gxh6
44.a6  1-0

[Event "Utasellato IM-A"]
[Site "Budapest"]
[Date "1990.??.??"]
[Round "9"]
[White "Gocheva, Rumiana B"]
[Black "Bordas, Gyula"]
[Result "1-0"]
[WhiteElo "2210"]
[BlackElo "2210"]

1.e4 c5 2.Nf3 d6 3.d4 cxd4 4.Nxd4 Nf6 5.Nc3 a6 6.Be3 e6 7.g4 h5 8.gxh5 Rxh5
9.Be2 Re5 10.Nf3 Rxe4 11.Nxe4 Nxe4 12.Bd3 Nf6 13.Qd2 e5 14.Be2 Ne4 15.Qd5 Nf6
16.Qb3 b5 17.c4 bxc4 18.Bxc4 d5 19.Be2 d4 20.Bd2 Bd6 21.Ng5 Ra7 22.Bc4 Rb7
23.Bxf7+ Kf8 24.Qc4 Rxb2 25.Rc1 Bd7 26.Ne6+ Bxe6 27.Qxe6 Bc7 28.Bg6 Qd5 29.Qc8+ Bd8
30.O-O Qd7 31.Ba5 Ke7 32.Qc5+ Ke6 33.Rfe1 Ng4 34.Bh5 Ne3 35.Rxe3 Rb5 36.Rxe5+ Kf6
37.Bxd8+ Qxd8 38.Rf5+ Ke6 39.Re1+  1-0

[Event "Cannes op"]
[Site "Cannes"]
[Date "1990.??.??"]
[Round "1"]
[White "Casa, Alex"]
[Black "Mollov, Elin"]
[Result "0-1"]
[WhiteElo "2120"]
[BlackElo "2365"]

1.e4 c5 2.Nf3 d6 3.d4 cxd4 4.Nxd4 Nf6 5.Nc3 a6 6.Be3 e5 7.Nf3 Qc7 8.Be2 Be7
9.O-O O-O 10.Qd2 Nbd7 11.Ne1 Nb6 12.f3 Be6 13.Bg5 h6 14.Bxf6 Bxf6 15.Nd5 Bxd5
16.exd5 Qc5+ 17.Kh1 Bg5 18.Qd3 Nxd5 19.g3 Ne3 20.Rg1 d5 21.f4 exf4 22.c3 Rfe8
23.gxf4 Bxf4 24.Nf3 Qc4 25.Nd4 Qxd3 26.Bxd3 Bg5 27.Rg3 Bh4 28.Rf3 Nc4 29.Nf5 Ne5
30.Rh3 Bg5 31.Bc2 Ng4 32.Rg3 Nf2+ 33.Kg1 Re2 34.Bb3 g6 35.Nd4 Rxb2 36.Bxd5 Rd8
37.Bb3 Rd7 38.Re1 Bh4 39.Re8+ Kh7 40.Rf3 Ng4 41.Bxf7 Bf2+ 42.Kh1 h5 43.Re6 Bxd4
44.Bxg6+ Kg7 45.cxd4 Rxh2+ 46.Kg1 Rc7 47.d5 h4 48.Bd3 Rc1+ 49.Rf1 Rxf1+ 50.Kxf1 Rf2+
51.Kg1 Rf6 52.Re7+ Rf7 53.Rxf7+ Kxf7 54.Bf5 Ne3 55.Bc8 Nxd5 56.Bxb7 Nc7 57.Kh2 Kf6
58.Kh3 Kg5 59.a4 a5 60.Bc6 Ne6 61.Bd7 Nf4+ 62.Kh2 Kh5 63.Bc8 Kg5 64.Bd7 Kf6
65.Bc6 Ke5 66.Bd7 Kd6 67.Bb5 Kc5 68.Bd7 Kc4 69.Bb5+ Kc3 70.Bd7 Kb3 71.Bc6 Kb4
72.Bb5 Nd5 73.Kh3 Nc3 74.Be8 Nxa4 75.Kxh4 Nc3 76.Kg3 Nb5 77.Kf2 a4 78.Ke1 a3
79.Bf7 Nd4 80.Kd1 Nb3  0-1

[Event "Cannes op"]
[Site "Cannes"]
[Date "1990.??.??"]
[Round "1"]
[White "Birmingham, Eric"]
[Black "Dubeck, Michael"]
[Result "1-0"]
[WhiteElo "2345"]
[BlackElo "2090"]

1.e4 c5 2.Nf3 d6 3.d4 cxd4 4.Nxd4 Nf6 5.Nc3 a6 6.Be3 e6 7.Qd2 Nc6 8.f3 Be7
9.g4 O-O 10.O-O-O Nxd4 11.Bxd4 Nd7 12.h4 b5 13.g5 b4 14.Ne2 Ne5 15.f4 Nc6
16.Kb1 Qa5 17.h5 e5 18.Be3 Be6 19.b3 exf4 20.Nxf4 Bxg5 21.Nxe6 Bxe3 22.Qxe3 fxe6
23.Bc4 Qe5 24.Qb6 Na5 25.Bxe6+ Qxe6 26.Qxa5 Qxe4 27.Rhe1 Qh4 28.Qd5+ Kh8
29.Re4 Qh2 30.Rde1 h6 31.R4e2 Qg3 32.Qd4 Qf4 33.Re4 Qf6 34.Qxb4 a5 35.Qd2 a4
36.Re6 Qf5 37.Qxd6 axb3 38.axb3 Rac8 39.Qd1 Rfd8 40.Qe2 Qa5 41.Qe5 Qd2 42.Re2 Qd1+
43.Kb2 Kh7 44.Re7 Qg1 45.Qe4+ Kh8 46.Rg2 Qc5 47.Qe5 Qxe5+ 48.Rxe5 Rd7 49.Rge2 Rc6
50.b4 Rc4 51.R2e4 Rcc7 52.Rc5 Rxc5 53.bxc5 Rc7 54.Re5 g6 55.Kc3 gxh5 56.Rxh5 Kg7
57.Kc4 Kg6 58.Rh1 Rd7 59.c6 Rd8 60.Kc5 Kf7 61.c7 Rg8 62.Kd6  1-0

[Event "Cannes op"]
[Site "Cannes"]
[Date "1990.??.??"]
[Round "4"]
[White "Zakic, Srdjan"]
[Black "Jean, Olivier"]
[Result "1-0"]
[WhiteElo "2355"]
[BlackElo "2080"]

1.e4 c5 2.Nf3 d6 3.d4 cxd4 4.Nxd4 Nf6 5.Nc3 a6 6.Be3 e6 7.Be2 Be7 8.g4 Nc6
9.g5 Nd7 10.h4 Qc7 11.Qd2 b5 12.Nxc6 Qxc6 13.Qd4 e5 14.Qd5 Bb7 15.Qxc6 Bxc6
16.O-O-O Nc5 17.f3 O-O 18.Nd5 Bxd5 19.Rxd5 Ne6 20.Rhd1 Rfc8 21.Kb1 Rc6 22.Bf1 g6
23.R5d2 Rd8 24.Bh3 Bf8 25.Bg4 Bg7 26.Rd5 Kf8 27.h5 Ke7 28.h6 Bh8 29.Bxe6 fxe6
30.R5d3 Kd7 31.Bc5 Kc7 32.Bb4 Rd7 33.b3 d5 34.exd5 exd5 35.Rxd5 Rxd5 36.Rxd5 e4
37.Ba5+  1-0

[Event "Cannes op"]
[Site "Cannes"]
[Date "1990.??.??"]
[Round "5"]
[White "Bourguet, G."]
[Black "Ribeiro, Fernando"]
[Result "0-1"]
[WhiteElo "2030"]
[BlackElo "2210"]

1.e4 c5 2.Nf3 d6 3.d4 Nf6 4.Nc3 cxd4 5.Nxd4 a6 6.Be3 e5 7.Nf3 Qc7 8.a4 Be7
9.a5 Nbd7 10.Bd3 O-O 11.O-O b5 12.axb6 Nxb6 13.Qe2 d5 14.Bxb6 Qxb6 15.Nxd5 Nxd5
16.exd5 Bg4 17.Qxe5 Bxf3 18.Qf5 g6 19.Qxf3 Qxb2 20.Rab1 Qd4 21.Rfd1 Qc5 22.Rb7 Bd6
23.h4 Rfe8 24.h5 Re5 25.hxg6 fxg6  0-1

[Event "Cannes op"]
[Site "Cannes"]
[Date "1990.??.??"]
[Round "6"]
[White "Schlosser, Michael"]
[Black "Guichard, Y."]
[Result "1-0"]
[WhiteElo "2340"]
[BlackElo "2010"]

1.e4 c5 2.Nf3 d6 3.d4 cxd4 4.Nxd4 Nf6 5.Nc3 a6 6.Be3 e6 7.Qd2 Nc6 8.f3 Be7
9.g4 Nd7 10.O-O-O O-O 11.h4 Nde5 12.Qg2 Nxd4 13.Bxd4 Nc6 14.Be3 b5 15.g5 f5
16.exf5 exf5 17.f4 Bb7 18.h5 Qe8 19.Qd5+ Qf7 20.Bg2 Na5 21.Qxb7 Nxb7 22.Bxb7 Qe8
23.Bd5+ Kh8 24.Bd4 b4 25.h6 Bf6 26.gxf6 gxf6 27.Rhg1 Qd8 28.Na4 Rc8 29.Rg7 Qa5
30.Rg8+  1-0

[Event "JUG-chT Cetinje"]
[Site "Cetinje"]
[Date "1990.??.??"]
[Round "7"]
[White "Strizak, Natasa"]
[Black "Gocheva, Rumiana B"]
[Result "1/2-1/2"]
[WhiteElo "2110"]
[BlackElo "2210"]

1.e4 c5 2.Nf3 d6 3.d4 cxd4 4.Nxd4 Nf6 5.Nc3 a6 6.Be3 e5 7.Nb3 Be6 8.Qd2 Nbd7
9.O-O-O b5 10.f3 Nb6 11.Qf2 Na4 12.Nd5 Bxd5 13.exd5 Be7 14.g4 Rc8 15.Kb1 Qc7
16.g5 Nd7 17.f4 exf4 18.Bxf4 Ne5 19.Bh3 Rd8 20.Nd4 Qc5 21.Rhf1 Qb4 22.Nb3 O-O
23.Rd4 Nc4 24.Bc1 Nc5 25.c3 Na3+ 26.bxa3 Qxc3 27.Bf5 Na4 28.Qc2 g6 29.Bg4 f5
30.Bf3 Qxc2+ 31.Kxc2 Rc8+ 32.Kb1 Rfe8 33.Rd3 Nc3+ 34.Ka1 Kf7 35.h4 Bf8 36.Bb2 Na4
37.Bf6 h5 38.Nd4 Rc4 39.Rdd1 Re3 40.Rfe1 Rxa3 41.Be2 Rc5 42.Rc1 Nc3 43.Rc2 Nxd5
44.Rxc5 dxc5 45.Nc2 Ra4 46.Be5 Re4 47.Bf3 Rxe1+ 48.Nxe1 Ke6 49.Bb2 c4 50.Ng2 Bd6
51.Kb1 a5 52.Bd4 a4 53.Ne3 Nxe3 54.Bxe3 Bg3 55.Bc6 b4 56.Bxa4 Kf7 57.Bb5 c3
58.Bc5 Bxh4 59.Bxb4 Bxg5 60.Bxc3 Be3 61.a4 f4 62.Kc2 g5 63.Kd3 Ke7 64.Be5 g4
65.a5 h4 66.a6 g3 67.Bc6 h3 68.Bxf4 Bxf4 69.a7  1/2-1/2

[Event "JUG-chT Cetinje"]
[Site "Cetinje"]
[Date "1990.??.??"]
[Round "8"]
[White "Zakic, Srdjan"]
[Black "Marinovic, Bozidar"]
[Result "1/2-1/2"]
[WhiteElo "2355"]
[BlackElo "2335"]

1.e4 c5 2.Nf3 d6 3.d4 cxd4 4.Nxd4 Nf6 5.Nc3 a6 6.Be3 e5 7.Nf3 h6 8.Bc4 Be6
9.Bxe6 fxe6 10.Nh4 Kf7 11.f4 exf4 12.Bxf4 Nc6 13.Nf3 Qc7 14.Qe2 Ne5 15.Rf1 Rc8
16.O-O-O Be7 17.g4 Nxf3 18.Rxf3 b5 19.a3 Kg8 20.Rfd3 Ne8 21.Kb1 Kh7 22.e5 d5
23.Bg3 Qc4 24.Rf1 Rf8 25.Rxf8 Bxf8 26.h4 g6 27.Qf2  1/2-1/2

[Event "Chartres op"]
[Site "Chartres"]
[Date "1990.??.??"]
[Round "5"]
[White "Stoinev, Metodi"]
[Black "Palac, Mladen"]
[Result "0-1"]
[WhiteElo "2355"]
[BlackElo "2505"]

1.e4 c5 2.Nf3 d6 3.d4 cxd4 4.Nxd4 Nf6 5.Nc3 a6 6.Be3 e6 7.a4 b6 8.Bd3 Bb7
9.O-O Nbd7 10.f4 g6 11.Qf3 Bg7 12.Rae1 O-O 13.Kh1 Nc5 14.Bg1 e5 15.Nde2 Qc7
16.b4 Ncd7 17.f5 Rac8 18.Be3 d5 19.Nxd5 Bxd5 20.exd5 e4 21.Bxe4 Ne5 22.Qf4 g5
23.Qxg5 Nxe4 24.Qh4 Qxc2 25.Nd4 Qd3 26.Bg1 Nf6 27.d6 Rce8 28.Rc1 Ned7 29.Rf4 Re4
30.Nc6 Rxf4 31.Ne7+ Kh8 32.Qxf4 Qe4 33.Qd2 Re8 34.Re1 Qb7 35.Bd4 b5 36.a5 Qb8
37.Bb2 Nf8 38.Re3 Rd8 39.Rd3 Qb7 40.h3 Qe4 41.Rd4 Qb7 42.Qg5 h6 43.Qg3 N8h7
44.Rh4 Qd7 45.Be5 Re8 46.Qf4 Rxe7 47.dxe7 Qxe7 48.Qd4 Kg8 49.Rf4 Nf8 50.Rf3 N8d7
51.Bd6 Qe1+ 52.Kh2 Ne4 53.Bg3 Nxg3 54.Qxd7 Ne2 55.Qe8+ Kh7 56.Qe3 Bd4  0-1

[Event "Cheliabinsk-B"]
[Site "Cheliabinsk"]
[Date "1990.??.??"]
[Round "?"]
[White "Varavin, Viktor"]
[Black "Enhbat, Tegshsuren"]
[Result "1-0"]
[WhiteElo "2445"]
[BlackElo "2200"]

1.e4 c5 2.Nf3 d6 3.d4 cxd4 4.Nxd4 Nf6 5.Nc3 a6 6.Be3 e6 7.Qd2 b5 8.f3 Nbd7
9.g4 h6 10.O-O-O Bb7 11.Kb1 Be7 12.h4 d5 13.Bh3 b4 14.Nce2 g5 15.hxg5 hxg5
16.Ng3 Rg8 17.Bxg5 dxe4 18.fxe4 Qa5 19.Bf4 Nc5 20.Nb3 Qb5 21.Nxc5 Bxc5 22.g5 Nd7
23.Bc7 Be7 24.Rhf1 Bxg5 25.Qf2 Nf6 26.Nh5 Rg6 27.e5 Rc8 28.exf6 Rxc7  1-0

[Event "Obro-B"]
[Site "Copenhagen"]
[Date "1990.??.??"]
[Round "6"]
[White "Poulsen, Allan"]
[Black "Jarzynski, Andrzej"]
[Result "1-0"]
[WhiteElo "2305"]
[BlackElo "2325"]

1.e4 c5 2.Nf3 d6 3.d4 cxd4 4.Nxd4 Nf6 5.Nc3 a6 6.Be3 e5 7.Nb3 Be6 8.Be2 Be7
9.Nd5 Bxd5 10.exd5 Nbd7 11.O-O O-O 12.c4 Qc7 13.Rc1 Ne4 14.f3 Nec5 15.Nd2 a5
16.b3 h6 17.g3 Bg5 18.Bxg5 hxg5 19.Kg2 f5 20.Qc2 Rae8 21.a3 Qb6 22.Rce1 Rf6
23.Bd1 Ref8 24.Qc3 R8f7 25.Bc2 Na6 26.Qe3 Qc5 27.Qxg5 Qxa3 28.g4 e4 29.gxf5 exf3+
30.Nxf3 Qb2 31.Qc1 Qc3 32.Re3 Qb4 33.Ng5 Rf8 34.Ne6 R8f7 35.Ng5 Rf8 36.Re7 Ne5
37.Ne6 R6f7 38.f6 gxf6 39.Rxf7 Rxf7 40.Kh1  1-0

[Event "Dieren op"]
[Site "Dieren"]
[Date "1990.??.??"]
[Round "3"]
[White "Beulen, Marcel"]
[Black "Van der Werf, Mark"]
[Result "1-0"]
[WhiteElo "2225"]
[BlackElo "2365"]

1.e4 c5 2.Nf3 d6 3.d4 cxd4 4.Nxd4 Nf6 5.Nc3 a6 6.Be3 e6 7.Qd2 b5 8.f3 Nbd7
9.g4 Nb6 10.Bd3 Bb7 11.O-O-O Rc8 12.Kb1 Nfd7 13.h4 Ne5 14.Qe1 Qc7 15.g5 Nbc4
16.Bc1 Qb6 17.Bxc4 Nxc4 18.b3 Ne5 19.Bb2 Be7 20.f4 Nc6 21.Nf5 exf5 22.exf5 Kd7
23.Nd5 Qa5 24.b4 Qd8 25.f6 gxf6 26.Qe4 Qf8 27.Qf5+ Kd8 28.gxf6 Rc7 29.Rhe1 Bc8
30.fxe7+ Nxe7 31.Qf6  1-0

[Event "Dresden (Women)"]
[Site "Dresden"]
[Date "1990.??.??"]
[Round "?"]
[White "Schaefer, Anke"]
[Black "Goehler, Antje"]
[Result "1/2-1/2"]
[WhiteElo "2000"]
[BlackElo "2170"]

1.e4 c5 2.Nf3 d6 3.d4 cxd4 4.Nxd4 Nf6 5.Nc3 a6 6.Be3 e5 7.Nf3 Qc7 8.a4 Be7
9.Be2 O-O 10.O-O Nc6 11.Nd2 Be6 12.Nc4 Nb4 13.Nb6 Rab8 14.Ncd5 Bxd5 15.Nxd5 Nfxd5
16.exd5 Qxc2 17.Qxc2 Nxc2 18.Rac1 Nxe3 19.fxe3 Bg5 20.Rc3 Rfc8 21.Kf2 Bd8  1/2-1/2

[Event "Eger op"]
[Site "Eger"]
[Date "1990.??.??"]
[Round "?"]
[White "Feher, Gyula"]
[Black "Khenkin, Igor"]
[Result "1/2-1/2"]
[WhiteElo "2390"]
[BlackElo "2450"]

1.e4 c5 2.Nf3 d6 3.d4 cxd4 4.Nxd4 Nf6 5.Nc3 a6 6.Be3 e6 7.f4 b5 8.Qf3 Bb7
9.Bd3 Nbd7 10.g4 b4 11.Nce2 Nc5 12.Ng3 Nfd7 13.O-O Be7 14.g5 O-O 15.Qh5 g6
16.Qh6 Re8 17.Rf2 Bf8 18.Qh4 Bg7 19.Raf1 f5 20.gxf6 Nxf6 21.f5 exf5 22.Ndxf5 Nfxe4
23.Nh6+ Bxh6 24.Qxh6 Nxf2 25.Bxg6 Nh3+ 26.Qxh3 hxg6 27.Nf5 gxf5 28.Rxf5 Ne6  1/2-1/2

[Event "ESP-ch"]
[Site "ESP"]
[Date "1990.??.??"]
[Round "4"]
[White "Magem Badals, Jorge"]
[Black "Rojo Huerta, Gabriel"]
[Result "1-0"]
[WhiteElo "2470"]
[BlackElo "2320"]

1.e4 c5 2.Nf3 d6 3.d4 cxd4 4.Nxd4 Nf6 5.Nc3 a6 6.Be3 e6 7.Qd2 b5 8.f3 Bb7
9.g4 h6 10.O-O-O Nbd7 11.h4 b4 12.Nce2 d5 13.Bh3 dxe4 14.g5 exf3 15.Nf4 Ne4
16.Qe1 f2 17.Bxf2 Bd6 18.Nfxe6 fxe6 19.Nxe6 Qe7 20.Bf5 Kf7 21.Bxe4 Bxe4 22.Qxe4 Qxe6
23.Qf3+ Ke7 24.Rhe1  1-0

[Event "ESP-ch"]
[Site "ESP"]
[Date "1990.??.??"]
[Round "7"]
[White "De la Villa Garcia, Jesus Maria"]
[Black "Pablo Marin, Alejandro"]
[Result "1-0"]
[WhiteElo "2475"]
[BlackElo "2375"]

1.e4 c5 2.Nf3 d6 3.d4 cxd4 4.Nxd4 Nf6 5.Nc3 a6 6.Be3 e5 7.Nf3 Be7 8.Bc4 O-O
9.a4 Be6 10.Bxe6 fxe6 11.Qb1 Nc6 12.Qa2 Qc8 13.O-O h6 14.Bb6 Nh5 15.Nd2 Rf6
16.Ne2 Qf8 17.Qb3 Qf7 18.Nc4 Rf8 19.f3 Rg6 20.Bc7 Nd4 21.Nxd4 Nf4 22.g3 Bh4
23.Nf5 exf5 24.Nxd6 Qxb3 25.cxb3 fxe4 26.Nxe4 Ne2+ 27.Kg2 Bf6 28.Rad1 Nf4+
29.Kf2 Ne6 30.Bb6 Bd8 31.Be3 Nd4 32.Bxd4 exd4 33.Ke2 Bb6 34.Kd3 Re6 35.b4 a5
36.b5 Rf5 37.h4 Rf7 38.Rc1 Rf8 39.f4 Rfe8 40.Rfe1 Kf8 41.Re2 h5 42.Rce1 Rd8
43.Rf1 Rde8 44.f5 Re5 45.f6 Bd8 46.fxg7+ Kxg7 47.Rfe1 Rf5 48.Nd6 Rf3+ 49.Kxd4 Ref8
50.Re8 Bb6+ 51.Ke4 R8f6 52.Re5  1-0

[Event "Geneve"]
[Site "Geneve"]
[Date "1990.??.??"]
[Round "4"]
[White "Kotronias, Vasilios"]
[Black "King, Daniel J"]
[Result "0-1"]
[WhiteElo "2510"]
[BlackElo "2560"]

1.e4 c5 2.Nf3 d6 3.d4 cxd4 4.Nxd4 Nf6 5.Nc3 a6 6.Be3 e5 7.Nf3 Qc7 8.a4 Be7
9.a5 O-O 10.Be2 Nbd7 11.O-O b5 12.axb6 Nxb6 13.Qd3 Rd8 14.Nd2 Rb8 15.Rfd1 g6
16.b3 Bb7 17.Bxb6 Qxb6 18.Qe3 Qxe3 19.fxe3 Rdc8 20.Bc4 Kg7 21.Rf1 Rc7 22.Rf3 Rf8
23.Raf1 Bd8 24.h3 h5 25.Kf2 h4 26.Ke2 Nh5 27.Kd3 f5 28.Bd5 Ng3 29.Rd1 Bc8
30.Nc4 fxe4+ 31.Nxe4 Rxf3 32.gxf3 Nxe4 33.Bxe4 Bxh3 34.Nxd6 Rd7 35.Ke2 Be7
36.Bf5 gxf5 37.Ne8+ Kf7 38.Rxd7 Kxe8 39.Ra7 e4 40.Rxa6 Bg2 41.fxe4 Bxe4 42.c3 Kf7
43.b4 Bf6 44.Kf2 Be5 45.Ra7+ Kg6  0-1

[Event "Geneve"]
[Site "Geneve"]
[Date "1990.??.??"]
[Round "8"]
[White "Rogers, Ian"]
[Black "Brunner, Lucas"]
[Result "1/2-1/2"]
[WhiteElo "2535"]
[BlackElo "2475"]

1.e4 c5 2.Nf3 d6 3.d4 cxd4 4.Nxd4 Nf6 5.Nc3 a6 6.Be3 e5 7.Nb3 Be6 8.Qd2 Nbd7
9.f3 b5 10.O-O-O Be7 11.Kb1 O-O 12.g4 Nb6 13.g5 Nfd7 14.Nd5 Bxd5 15.exd5 Qc7
16.h4 Rac8 17.Na5 Nxd5 18.Qxd5 Qxa5 19.Bh3 Qc7 20.Bxd7 Qxd7 21.Qxe5 dxe5
22.Rxd7 Bc5 23.Bxc5 Rxc5 24.Ra7 Rc6 25.c3 h6 26.Re1 hxg5 27.hxg5 Re6 28.Rh1 f5
29.gxf6 Rfxf6 30.Rh3 Rf7 31.Ra8+ Rf8 32.Ra7 Rf7 33.Ra8+  1/2-1/2

[Event "BL2-W8990"]
[Site "Germany"]
[Date "1990.??.??"]
[Round "?"]
[White "Andre, Wolfgang"]
[Black "Van der Veen, Heinz"]
[Result "1/2-1/2"]
[WhiteElo "2230"]
[BlackElo "2225"]

1.e4 c5 2.Nf3 d6 3.d4 cxd4 4.Nxd4 Nf6 5.Nc3 a6 6.Be3 e5 7.Nb3 Be6 8.Qd2 Nbd7
9.f3 Qc7 10.O-O-O Rc8 11.Kb1 b5 12.g4 h6 13.h4 Nb6 14.Bxb6 Qxb6 15.Bh3 Be7
16.Nd5 Nxd5 17.exd5 Bd7 18.f4 f6 19.Qd3 Qf2 20.Rdf1 Qxh4 21.Bg2 Qxg4 22.Bh3 e4
23.Qd4 Qe2 24.Bxd7+  1/2-1/2

[Event "Gistrup"]
[Site "Gistrup"]
[Date "1990.??.??"]
[Round "2"]
[White "Mannion, Stephen R"]
[Black "Yewdokimov, Oleg"]
[Result "0-1"]
[WhiteElo "2315"]
[BlackElo "2345"]

1.e4 c5 2.Nf3 d6 3.d4 cxd4 4.Nxd4 Nf6 5.Nc3 a6 6.Be3 b5 7.f3 Bb7 8.Qd2 Nbd7
9.g4 Ne5 10.Be2 Rc8 11.a4 Nc4 12.Bxc4 bxc4 13.O-O e6 14.Rfd1 Be7 15.Nde2 O-O
16.Ng3 Nd7 17.f4 Qc7 18.g5 Rfd8 19.h4 Nc5 20.Qe2 d5 21.exd5 exd5 22.Nf5 Bf8
23.Qf2 Ne6 24.Nd4 Re8 25.Nxe6 fxe6 26.Bb6 Qf7 27.Rf1 Bd6 28.Rad1 Qf5 29.Rd2 Rf8
30.Ne2 e5 31.Qg2 Qe6 32.fxe5 Bb4 33.Rxf8+ Rxf8 34.Be3 Bxd2 35.Bxd2 Qxe5 36.Nc3 Qd4+
37.Kh1 Qxh4+ 38.Kg1 Qd4+ 39.Kh1 Rf2 40.Qg3 Rf1+  0-1

[Event "SWE-ch"]
[Site "Gothenburg"]
[Date "1990.??.??"]
[Round "?"]
[White "Ernst, Thomas"]
[Black "Svensson, Bengt"]
[Result "1-0"]
[WhiteElo "2440"]
[BlackElo "2405"]

1.e4 c5 2.Nf3 d6 3.d4 cxd4 4.Nxd4 Nf6 5.Nc3 a6 6.Be3 e6 7.Be2 Be7 8.O-O O-O
9.a4 Nc6 10.f4 Qc7 11.Kh1 Rd8 12.Bd3 b6 13.Qf3 Nb4 14.Rae1 Bb7 15.Qg3 Kh8
16.Bg1 Rg8 17.e5 Nxd3 18.cxd3 Nh5 19.Qh3 g6 20.Ne4 Bxe4 21.dxe4 dxe5 22.fxe5 Rgf8
23.Rc1 Qb7 24.Qg4 Rac8 25.Rxc8 Qxc8 26.Be3 Bc5 27.Qe2 Qd8 28.Nf3 Qe7 29.Bh6 Ng7
30.Qxa6 Qd7 31.Qc4 Kg8 32.Bg5 Rc8 33.Rc1 Ra8 34.b3 Ne8 35.Qc2 Qb7 36.h3 Ng7
37.Rd1 Nh5 38.Bh4 Kg7 39.Qd3 Be7 40.Bxe7 Qxe7 41.Kh2 Rc8 42.Qe3 Qb4 43.Rd4 Qa3
44.Rd7 Qa1 45.Nd4 Kg8 46.Qf2 Rf8 47.Rb7 Qb1 48.Qe3 Qf1 49.Rxb6 Nf4 50.Qf3 Qc1
51.Rc6 Qd2 52.Rd6 Qc1 53.a5 g5 54.b4 Rc8 55.a6 Qa1 56.Nc6 Kg7 57.b5 Qb2 58.Qg3 h6
59.h4 Ng6 60.b6 gxh4 61.Qe3 h3 62.Kxh3  1-0

[Event "Groningen op"]
[Site "Groningen"]
[Date "1990.??.??"]
[Round "8"]
[White "Los, Sander"]
[Black "De Boer, Gert Jan"]
[Result "1/2-1/2"]
[WhiteElo "2355"]
[BlackElo "2400"]

1.e4 c5 2.Nf3 d6 3.d4 cxd4 4.Nxd4 Nf6 5.Nc3 a6 6.Be3 e5 7.Nb3 Be6 8.Qd2 Nbd7
9.f3 Be7 10.g4 h6 11.h4 b5 12.Rg1 b4 13.Ne2 a5 14.g5 Nh5 15.Nbc1 Nb6 16.Ng3 Nxg3
17.Bb5+ Kf8 18.Rxg3 hxg5 19.hxg5 d5 20.Nd3 Nc4 21.Bxc4 dxc4 22.Nf2 Qc7 23.c3 Rd8
24.Qe2 a4 25.Kf1 a3 26.Rg1 bxc3 27.bxc3 Rb8 28.Kg2 Rb2 29.Qd1 Qa5 30.Rh1 Rxh1
31.Qxh1 Bc5 32.Qh8+ Ke7 33.Bxc5+ Qxc5 34.Rf1 g6 35.Qf6+ Kd7 36.Kg3 Rxa2 37.Ng4 Rd2
38.Nxe5+ Kc7 39.Nxf7 Bxf7 40.Qxf7+ Rd7 41.Qxg6 Qe5+ 42.Kg4 Qh2 43.Rb1 Qg2+
44.Kf4 Qh2+ 45.Kg4 Qg2+  1/2-1/2